Вып. 15; Сборник научно-методических статей по математике

Detalles Bibliográficos
Parent link:Сборник научно-методических статей по математике/ СССР, Министерство высшего и среднего специального образования. Вып. 15.— , 1971-1991
Outros autores: Ильин В. А. (редактор)
Idioma:ruso
Publicado: 1988
Subjects:
Formato: MixedMaterials Libro
KOHA link:https://koha.lib.tpu.ru/cgi-bin/koha/opac-detail.pl?biblionumber=263953

MARC

LEADER 00000nam2a2200000 4500
001 263953
005 20231101233803.0
035 |a (RuTPU)RU\TPU\book\286944 
090 |a 263953 
100 |a 20140614d1988 k y0rusy50 ca 
101 0 |a rus 
102 |a RU 
105 |a a z 001zy 
200 0 |a Вып. 15 
210 |d 1988 
215 |a 152 с.  |c ил. 
320 |a Библиогр. в конце ст. 
461 1 |0 (RuTPU)RU\TPU\book\307396  |t Сборник научно-методических статей по математике  |f СССР, Министерство высшего и среднего специального образования  |v Вып. 15  |d 1971-1991 
606 1 |a Математика  |2 stltpush  |3 (RuTPU)RU\TPU\subj\67327  |9 83171 
610 1 |a преподавание 
610 1 |a вузы 
610 1 |a ЭВМ 
610 1 |a информатика 
610 1 |a программно-методические обеспечение 
610 1 |a творческое мышление 
610 1 |a комбинаторика 
675 |a 51  |v 3 
702 1 |a Ильин  |b В. А.  |4 340 
801 1 |a RU  |b 63413507  |c 20140614 
801 2 |a RU  |b 63413507  |c 20151019  |g RCR 
942 |c BK